<?xml version="1.0" encoding="UTF-8"?><?xml-stylesheet type="text/xsl" href="static/style.xsl"?><OAI-PMH xmlns="http://www.openarchives.org/OAI/2.0/" xmlns:xsi="http://www.w3.org/2001/XMLSchema-instance" xsi:schemaLocation="http://www.openarchives.org/OAI/2.0/ http://www.openarchives.org/OAI/2.0/OAI-PMH.xsd"><responseDate>2026-06-01T14:38:05Z</responseDate><request verb="GetRecord" identifier="oai:riuma.uma.es:10630/28287" metadataPrefix="marc">https://riuma.uma.es/rest/oai/request</request><GetRecord><record><header><identifier>oai:riuma.uma.es:10630/28287</identifier><datestamp>2026-02-03T10:52:20Z</datestamp><setSpec>com_10630_2254</setSpec><setSpec>col_10630_37953</setSpec></header><metadata><record xmlns="http://www.loc.gov/MARC21/slim" xmlns:dcterms="http://purl.org/dc/terms/" xmlns:doc="http://www.lyncode.com/xoai" xmlns:xsi="http://www.w3.org/2001/XMLSchema-instance" xsi:schemaLocation="http://www.loc.gov/MARC21/slim http://www.loc.gov/standards/marcxml/schema/MARC21slim.xsd">
   <leader>00925njm 22002777a 4500</leader>
   <datafield ind2=" " ind1=" " tag="042">
      <subfield code="a">dc</subfield>
   </datafield>
   <datafield ind2=" " ind1=" " tag="720">
      <subfield code="a">Sevilla, José</subfield>
      <subfield code="e">author</subfield>
   </datafield>
   <datafield ind2=" " ind1=" " tag="720">
      <subfield code="a">Ruiz-Martín, Cristina</subfield>
      <subfield code="e">author</subfield>
   </datafield>
   <datafield ind2=" " ind1=" " tag="720">
      <subfield code="a">Nebro-Mellado, José Juan</subfield>
      <subfield code="e">author</subfield>
   </datafield>
   <datafield ind2=" " ind1=" " tag="720">
      <subfield code="a">López-Paredes, Adolfo</subfield>
      <subfield code="e">author</subfield>
   </datafield>
   <datafield ind2=" " ind1=" " tag="260">
      <subfield code="c">2023-05-05</subfield>
   </datafield>
   <datafield ind2=" " ind1=" " tag="520">
      <subfield code="a">Our aim is to justify why organizational resilience cannot be measured in an ex-ante way and the consequences we can draw from it. To achieve this goal, we examine the relations between different approaches to organizational resilience and the tight interrelation between organizational resilience and organizational and dynamic capabilities. We argue that most proposals about organizational resilience conceptualization, and the metrics derived from them, are closely related. They represent the same core concepts, facts, and relations. Additionally, far from there being no consensus about organizational resilience, researchers are presenting the same ideas with different terms. This implies that there are no better or worse definitions or conceptualizations for organizational resilience, but models are more or less suitable depending on the approach to be established. We agree with the proposal that organizational resilience is a dynamic capability and, as such, it should be studied and considered. This review led us to conclude that because organizational resilience is a dynamic process, it cannot be measured or estimated in an ex-ante way. The fact that organizational resilience cannot be measured brings us to the question of how organizations can address organizational resilience improvement, evaluate their progress, and the tools they can use.</subfield>
   </datafield>
   <datafield ind1="8" ind2=" " tag="024">
      <subfield code="a">Sevilla, J., Ruiz-Martín, C., Nebro, J. J., &amp; López-Paredes, A. (2023). Why can organizational resilience not be measured?. Journal of Business Economics and Management, 24(2), 199–220. https://doi.org/10.3846/jbem.2023.18819</subfield>
   </datafield>
   <datafield ind1="8" ind2=" " tag="024">
      <subfield code="a">https://hdl.handle.net/10630/28287</subfield>
   </datafield>
   <datafield ind1="8" ind2=" " tag="024">
      <subfield code="a">10.3846/jbem.2023.18819</subfield>
   </datafield>
   <datafield tag="653" ind2=" " ind1=" ">
      <subfield code="a">Psicología de las organizaciones</subfield>
   </datafield>
   <datafield tag="653" ind2=" " ind1=" ">
      <subfield code="a">Empresas - Gestión</subfield>
   </datafield>
   <datafield ind2="0" ind1="0" tag="245">
      <subfield code="a">Why can organizational resilience not be measured?</subfield>
   </datafield>
</record>
</metadata></record></GetRecord></OAI-PMH>